000 00689nam a2200241 a 4500
005 20210219153301.0
008 991125n 000 0 spa u
035 _aUPN01000088503
100 _aLEON GARCIA, Fernando
222 _aEDUCACION GLOBAL
245 _aMovilidad académica en América del Norte : hacia nuevos modelos de integración y colaboración
260 _aMéxico
300 _a37-57
362 _a2000 No. 4, abr.
653 0 _aAMERICA DEL NORTE
653 0 _aEDUCACION SUPERIOR
653 0 _aINTEGRACION CULTURAL
653 0 _aTLC
700 _aMATTHEWS, Dewayne, coaut.
700 _aSMITH, Lorna, coaut.
904 _aAC
_b026314
905 _aArticulo
999 _c73057
_d73057